<?xml version="1.0" encoding="UTF-8"?>
<record
    xmlns:xsi="http://www.w3.org/2001/XMLSchema-instance"
    xsi:schemaLocation="http://www.loc.gov/MARC21/slim http://www.loc.gov/standards/marcxml/schema/MARC21slim.xsd"
    xmlns="http://www.loc.gov/MARC21/slim">

  <leader>00947nam2a22002531  4500</leader>
  <controlfield tag="001">RU\NLR\INFOCOMM4\1000588214</controlfield>
  <controlfield tag="005">20250617141054.0</controlfield>
  <datafield tag="035" ind1=" " ind2=" ">
    <subfield code="a">(NLR Aleph) 002653834</subfield>
  </datafield>
  <datafield tag="090" ind1=" " ind2=" ">
    <subfield code="a">3895052</subfield>
    <subfield code="c">3895052</subfield>
  </datafield>
  <datafield tag="100" ind1=" " ind2=" ">
    <subfield code="a">20040621d1914    |||y0rusy50      ca</subfield>
  </datafield>
  <datafield tag="101" ind1="0" ind2=" ">
    <subfield code="a">rus</subfield>
  </datafield>
  <datafield tag="102" ind1=" " ind2=" ">
    <subfield code="a">RU</subfield>
  </datafield>
  <datafield tag="105" ind1=" " ind2=" ">
    <subfield code="a">y   |||||||||</subfield>
  </datafield>
  <datafield tag="200" ind1="1" ind2=" ">
    <subfield code="a">&#x41F;&#x43E;&#x447;&#x435;&#x43C;&#x443; &#x41C;&#x430;&#x43A;&#x441;&#x438;&#x43C; &#x41A;&#x443;&#x43B;&#x430;&#x433;&#x430; &#x431;&#x440;&#x43E;&#x441;&#x438;&#x43B; &#x43F;&#x438;&#x442;&#x44C;</subfield>
    <subfield code="f">&#x415;. &#x412;. &#x41C;&#x430;&#x442;&#x432;&#x435;&#x435;&#x432;&#x430;</subfield>
  </datafield>
  <datafield tag="210" ind1=" " ind2=" ">
    <subfield code="d">1914</subfield>
    <subfield code="a">&#x411;. &#x43C;.</subfield>
  </datafield>
  <datafield tag="461" ind1=" " ind2="0">
    <subfield code="1">001RU\NLR\INFOCOMM4\1000588167</subfield>
    <subfield code="1">2001#$a&#x41E;&#x442;&#x440;&#x435;&#x437;&#x432;&#x43B;&#x435;&#x43D;&#x438;&#x435;$e&#x415;&#x436;&#x435;&#x43D;&#x435;&#x434;. &#x43D;&#x430;&#x440;. &#x436;&#x443;&#x440;&#x43D;&#x430;&#x43B;$v&#x2116;12, &#x412;&#x44B;&#x43F;.47</subfield>
    <subfield code="9">3894650</subfield>
    <subfield code="c">&#x421;&#x41F;&#x431;.</subfield>
    <subfield code="d">1914</subfield>
    <subfield code="n">&#x421;. &#x410;. &#x412;&#x43E;&#x43B;&#x43E;&#x434;&#x438;&#x43C;&#x435;&#x440;&#x43E;&#x432; &#x438; &#x41C;. &#x41B;. &#x41F;&#x43B;&#x435;&#x442;&#x43D;&#x435;&#x432;</subfield>
    <subfield code="o">&#x415;&#x436;&#x435;&#x43D;&#x435;&#x434;. &#x43D;&#x430;&#x440;. &#x436;&#x443;&#x440;&#x43D;&#x430;&#x43B;</subfield>
    <subfield code="t">&#x41E;&#x442;&#x440;&#x435;&#x437;&#x432;&#x43B;&#x435;&#x43D;&#x438;&#x435;</subfield>
    <subfield code="v">&#x2116;12, &#x412;&#x44B;&#x43F;.47</subfield>
  </datafield>
  <datafield tag="700" ind1=" " ind2="1">
    <subfield code="a">&#x41C;&#x430;&#x442;&#x432;&#x435;&#x435;&#x432;&#x430;</subfield>
    <subfield code="b">&#x415;. &#x412;.</subfield>
    <subfield code="4">070</subfield>
  </datafield>
  <datafield tag="801" ind1=" " ind2="1">
    <subfield code="a">RU</subfield>
    <subfield code="b">InfoComm</subfield>
    <subfield code="c">20040621</subfield>
  </datafield>
  <datafield tag="801" ind1=" " ind2="0">
    <subfield code="a">RU</subfield>
    <subfield code="b">NLR</subfield>
    <subfield code="g">PSBO</subfield>
  </datafield>
  <datafield tag="852" ind1=" " ind2=" ">
    <subfield code="a">NLR</subfield>
    <subfield code="j">3/2123</subfield>
  </datafield>
  <datafield tag="942" ind1=" " ind2=" ">
    <subfield code="c">ISSUE</subfield>
  </datafield>
  <datafield tag="980" ind1=" " ind2=" ">
    <subfield code="a">NB</subfield>
  </datafield>
  <datafield tag="980" ind1=" " ind2=" ">
    <subfield code="a">RUSPER</subfield>
  </datafield>
</record>
